| 000 | 00740nam a2200205 a 4500 | ||
|---|---|---|---|
| 001 | 000026096 | ||
| 005 | 20250621074007.0 | ||
| 008 | 110301s1992 dr ac 000 0 spa d | ||
| 040 |
_aDO-SdBNP _bspa _cBNPHU |
||
| 082 |
_a972.93053 _bM536t |
||
| 100 | 1 |
_aMencía Lister, Rafael, _d1922- _952894 |
|
| 245 | 1 | 0 |
_aTrujillo y su época / _cRafael Mencía Lister. |
| 260 |
_aSanto Domingo : _bTaller, _c1992. |
||
| 300 |
_a295 p. : _bil., retrs. ; _c23 cm. |
||
| 504 | _aBibliografía: p. 232 - 235. | ||
| 600 | 1 | 0 |
_aTrujillo Molina, Rafael Leónidas, _d 1891-1961 _976764 |
| 651 | 4 |
_aRepública Dominicana _xHistoria _y1924-1930 _952895 |
|
| 651 | 0 |
_aRepública Dominicana _xPolítica y gobierno _945 |
|
| 910 | _aValidado. Control de calidad MMOLINA | ||
| 999 |
_c25588 _d25588 |
||